000
00276nam a2200121Ia 4500
008
190216s9999||||xx |||||||||||||| ||und||
100
_a
David Crystal
245
0
_a
Linguistics
260
_b
Penguin Books
_c
1976
300
_a
267
650
_a
English Literature
942
_c
BK
999
_c
12872
_d
12872